000 00478 a2200157 4500
999 _c9548
_d9548
020 _a0702105953
050 _aKTL3573SIL1975
245 _a1974/75 Cumulative Supplement to silke on South African income Tax /
_cA S Silke , C Divaris and M L Stein
264 _aCape Town:
_bJuta and Company,
_c1975
300 _aD223 p. :
500 _aincludes index
650 _aincome tax
700 _aDivaris C
_eauthor
700 _aStein M L
_eauthor
942 _2lcc
_cBK
_h3573
_iSIL
_kKTL